[Event "DSOL 05 Liga Gr-A 1st"]
[Site "Playchess.com INT"]
[Date "2020.07.30"]
[Round "6.4"]
[White "Harutyunyan, Armen Y"]
[Black "Broecker, Linus"]
[Result "1-0"]
[WhiteElo "1568"]
[BlackElo "1319"]
[PlyCount "35"]
[EventDate "2020.06.22"]
[EventType "team-tourn (rapid)"]
[EventCountry "GER"]
[SourceTitle "EXT 2021"]
[Source "ChessBase"]
[SourceDate "2020.10.23"]
[SourceVersion "1"]
[SourceVersionDate "2020.10.23"]
[SourceQuality "1"]
[WhiteTeam "Hamburg Lurup"]
[BlackTeam "Horn Eiche"]
[WhiteTeamCountry "GER"]
[BlackTeamCountry "GER"]

1. e4 e5 2. Nf3 Nc6 3. Bb5 d6 4. d4 exd4 5. Nxd4 Bd7 6. Bc4 Qe7 7. 0-0 0-0-0 8. f3 g6 9. Nxc6 Bxc6 10. Qd4 Nf6 11. Qxa7 Bg7 12. Nc3 Nh5 13. Be3 f5 14. exf5 gxf5 15. Rae1 f4 16. Bxf4 Qh4 17. Be6+ Bd7 18. Qa8# 1-0